Marine - Chansons de l'album Cœur Maladroit - Statistiques

Statistiques générales
  • Ce quiz a été pris 186 fois
    41 depuis la dernière actualisation
  • Le résultat moyen est 13 sur 20
Statistiques - réponses
Hint Réponse % Correct
Cœur maladroit 2 Cœur maladroit
100%
Cœur maladroit 4 Ma faute
96%
Cœur maladroit 6 Dalida
86%
Cœur maladroit 1 Fille ordinaire
79%
Cœur maladroit Deluxe 14 Escroc
75%
Cœur maladroit 3 Des gens bien
68%
Cœur maladroit 9 Restes d'averses
68%
Cœur maladroit 11 D'accord
64%
Cœur maladroit 12 Gemme
64%
Cœur maladroit Deluxe 15 Mes rollers
61%
Cœur maladroit Deluxe 17 Toutes les musiques que j'aime
61%
Cœur maladroit 13 À la maison
57%
Cœur maladroit 7 Ce qu'il nous reste
54%
Cœur maladroit 5 M'aimer tout le temps
54%
Cœur maladroit 10 Rappelle-toi
54%
Cœur maladroit Deluxe 19 A nouveau
50%
Cœur maladroit Deluxe 18 Les questions
50%
Cœur maladroit 8 Que ça dure
50%
Cœur maladroit Deluxe 20 Si j'essaie
50%
Cœur maladroit Deluxe 16 Trop tard
50%
Aucun quiz correspondant
Distribution des résultats
% des personnes avec chaque résultat
Percentile par nombre de réponses
Votre historique - résultats
Vous n’avez pas pris ce quiz depuis la dernière actualisation